[Event "Open A"]
[Site "Panevezys"]
[Date "2009.08.23"]
[Round "9.12"]
[White "Narva, Triin"]
[Black "Upmanis, Gustavs"]
[Result "1/2-1/2"]
[WhiteElo "1865"]
[BlackElo "2004"]
[PlyCount "74"]
[EventDate "2009.08.17"]

1. e4 e5 2. Nc3 Nc6 3. g3 Bc5 4. Bg2 d6 5. Na4 Bb6 6. Nxb6 axb6 7. d3 Nge7 8.
f4 exf4 9. Bxf4 Ng6 10. Be3 O-O 11. Nf3 f5 12. exf5 Bxf5 13. O-O Qd7 14. Nd4
Bh3 15. Qd2 Bxg2 16. Qxg2 Rae8 17. Rxf8+ Rxf8 18. Nxc6 bxc6 19. a3 c5 20. Rf1
Re8 21. Qf3 Qe6 22. Bf4 Rf8 23. Qe4 Qxe4 24. dxe4 Re8 25. Re1 Ne5 26. Bxe5 Rxe5
27. Kf2 Kf7 28. Re2 Re8 29. Kf3 Ke6 30. Ke3 d5 31. Kd3 c4+ 32. Ke3 Ke5 33. Rd2
c6 34. exd5 cxd5 35. c3 Kd6+ 36. Kf3 Kc5 37. Rd4 Re1 1/2-1/2

[Event "Open A"]
[Site "Panevezys"]
[Date "2009.08.23"]
[Round "9.13"]
[White "Apanaviciute, Kristina"]
[Black "Kasperavicius, Jokubas"]
[Result "1-0"]
[WhiteElo "1986"]
[BlackElo "1972"]
[PlyCount "65"]
[EventDate "2009.08.17"]

1. e4 c6 2. d4 d5 3. e5 Bf5 4. Nf3 e6 5. Be2 c5 6. c3 Nc6 7. Be3 cxd4 8. cxd4
Bb4+ 9. Nc3 Nge7 10. O-O O-O 11. a3 Bxc3 12. bxc3 Bg4 13. Bg5 Rc8 14. h3 Bxf3
15. Bxf3 h6 16. Bh4 Qa5 17. Qd3 Nf5 18. Bg3 Nxg3 19. fxg3 Qc7 20. Bd1 Ne7 21.
Bc2 g6 22. Rf3 Qc4 23. Qd2 Kg7 24. g4 Qc7 25. Raf1 b5 26. Qf2 Ng8 27. h4 Qe7
28. h5 a6 29. Rf6 g5 30. Qf3 Rc7 31. Qd3 Rb8 32. Qh7+ Kf8 33. Rg6 1-0

[Event "Open A"]
[Site "Panevezys"]
[Date "2009.08.23"]
[Round "9.14"]
[White "Ralys, Vincas"]
[Black "Tsiganova, Monika"]
[Result "0-1"]
[WhiteElo "1868"]
[BlackElo "2190"]
[PlyCount "54"]
[EventDate "2009.08.17"]

1. e4 c6 2. d4 d5 3. Nc3 dxe4 4. Nxe4 Nd7 5. Nf3 Ngf6 6. Nxf6+ Nxf6 7. Bd3 Bg4
8. c3 e6 9. O-O Be7 10. h3 Bh5 11. Re1 O-O 12. Re5 c5 13. dxc5 Bg6 14. Nd4 Nd7
15. Re1 Nxc5 16. Bxg6 hxg6 17. b4 Nd7 18. Qf3 Nb6 19. Qxb7 Bf6 20. Qe4 Rc8 21.
Bb2 Na4 22. Rab1 Nxb2 23. Rxb2 Rxc3 24. Rd2 Rc4 25. Red1 e5 26. Qb7 exd4 27.
Qxa7 Rxb4 0-1

[Event "Open A"]
[Site "Panevezys"]
[Date "2009.08.23"]
[Round "9.16"]
[White "Vaicekauskas, Gytis"]
[Black "Grybas, Gintaras"]
[Result "1/2-1/2"]
[WhiteElo "1878"]
[BlackElo "2060"]
[PlyCount "174"]
[EventDate "2009.08.17"]

1. e4 c6 2. d4 d5 3. Nc3 dxe4 4. Nxe4 Bf5 5. Ng3 Bg6 6. h4 h6 7. h5 Bh7 8. Bc4
e6 9. Nf3 Nd7 10. Bd3 Bxd3 11. Qxd3 Ngf6 12. Bd2 Qc7 13. O-O-O Bd6 14. Ne4 Bf4
15. Kb1 Nxe4 16. Qxe4 Bxd2 17. Rxd2 Nf6 18. Qe2 Qf4 19. Ne5 Rd8 20. Re1 O-O 21.
g3 Qg5 22. Rh1 Nd7 23. Nf3 Qb5 24. c4 Qf5+ 25. Ka1 Nf6 26. Ne5 Qe4 27. Qd1 Nd7
28. f3 Qf5 29. g4 Qg5 30. Nd3 Nb6 31. Ne5 Nd7 32. Nd3 Nb6 33. Ne5 f6 34. f4
Qxf4 35. Ng6 Qg3 36. Nxf8 Kxf8 37. Qe2 Qf4 38. Rf1 Qg5 39. Rdd1 Kf7 40. Rfe1
Re8 41. Rc1 Qf4 42. Rcd1 Qg5 43. Rc1 Qf4 44. Qe4 Qg5 45. Rc3 Re7 46. Rb3 Kg8
47. Rc3 Kf7 48. Qe2 Qf4 49. Rd1 Rd7 50. Rf3 Qg5 51. Re1 Re7 52. Re3 e5 53. dxe5
Rxe5 54. Rxe5 Qxe5 55. Qxe5 fxe5 56. Rxe5 Nxc4 57. Rf5+ Ke6 58. Rf4 Ne5 59. Kb1
b5 60. Kc2 a5 61. a4 Kd5 62. b3 b4 63. Kd2 c5 64. Ke3 c4 65. Rd4+ Kc5 66. Ke4
cxb3 67. Kxe5 b2 68. Rd1 Kc4 69. Kf5 Kc3 70. Kg6 Kc2 71. Rh1 b1=Q 72. Rxb1 Kxb1
73. Kxg7 Ka1 74. Kxh6 b3 75. g5 b2 76. g6 b1=Q 77. g7 Qc1+ 78. Kg6 Qc2+ 79. Kh6
Qd2+ 80. Kg6 Qd3+ 81. Kf6 Qd4+ 82. Kg6 Qe4+ 83. Kh6 Qf4+ 84. Kg6 Qg4+ 85. Kh6
Qe6+ 86. Kg5 Qf7 87. Kh6 Ka2 1/2-1/2

[Event "Open A"]
[Site "Panevezys"]
[Date "2009.08.23"]
[Round "9.17"]
[White "Rogulis, Uldis"]
[Black "Kviliunas, Vladislovas"]
[Result "1/2-1/2"]
[WhiteElo "1846"]
[BlackElo "1908"]
[PlyCount "22"]
[EventDate "2009.08.17"]

1. d4 Nf6 2. c4 e5 3. dxe5 Ng4 4. Nf3 Nc6 5. Bg5 Be7 6. Bf4 Bb4+ 7. Nbd2 Qe7 8.
a3 Ngxe5 9. Nxe5 Nxe5 10. Bxe5 Bxd2+ 11. Qxd2 Qxe5 1/2-1/2

[Event "Open A"]
[Site "Panevezys"]
[Date "2009.08.23"]
[Round "9.19"]
[White "Zebelis, Rimantas"]
[Black "Barsciauskas, Gintautas"]
[Result "0-1"]
[WhiteElo "1982"]
[BlackElo "1964"]
[PlyCount "66"]
[EventDate "2009.08.17"]

1. d4 d6 2. Nf3 Nd7 3. c4 c6 4. Nc3 e5 5. e4 Be7 6. g3 Ngf6 7. Bg2 O-O 8. h3
Qc7 9. O-O Re8 10. Be3 Nf8 11. Rb1 a5 12. a3 Ng6 13. b4 axb4 14. axb4 Bd7 15.
Qd2 Ra3 16. Qb2 Rea8 17. c5 Qc8 18. Kh2 Be6 19. Ra1 Rb3 20. Qd2 Raa3 21. Rxa3
Rxa3 22. d5 cxd5 23. exd5 Bd7 24. Qb2 dxc5 25. Rd1 Bd6 26. Rc1 Ra8 27. bxc5
Bxc5 28. Nb5 b6 29. d6 Bxb5 30. Qxb5 Qe8 31. Qe2 Rc8 32. Bxc5 Rxc5 33. Ng5 Rxc1
0-1

[Event "Open A"]
[Site "Panevezys"]
[Date "2009.08.23"]
[Round "9.20"]
[White "Voroblievas, Arturas"]
[Black "Giedraityte, Ausra"]
[Result "1-0"]
[WhiteElo "1868"]
[BlackElo "1749"]
[PlyCount "47"]
[EventDate "2009.08.17"]

1. e4 c5 2. Nf3 d6 3. d4 cxd4 4. Nxd4 Nf6 5. Nc3 g6 6. Be3 Bg7 7. Bc4 O-O 8. f3
Nc6 9. Qd2 Qa5 10. O-O-O Ne5 11. Bb3 Bd7 12. Kb1 Rfc8 13. h4 Nc4 14. Bxc4 Rxc4
15. h5 Nxh5 16. g4 Ng3 17. Rh3 Be5 18. Qf2 b5 19. Nb3 Qc7 20. Nd5 Qd8 21. Rxg3
Bxg3 22. Qxg3 Rac8 23. Qh4 e6 24. Bg5 1-0

[Event "Open A"]
[Site "Panevezys"]
[Date "2009.08.23"]
[Round "9.21"]
[White "Rudys, Mantas"]
[Black "Juciute, Einora"]
[Result "0-1"]
[WhiteElo "1799"]
[BlackElo "1822"]
[PlyCount "74"]
[EventDate "2009.08.17"]

1. e4 e6 2. d4 d5 3. Nd2 c5 4. c3 cxd4 5. cxd4 dxe4 6. Nxe4 Bb4+ 7. Nc3 Ne7 8.
Nf3 O-O 9. Bd3 h6 10. O-O Nbc6 11. Bf4 a6 12. Bc2 Ba5 13. a3 Bb6 14. Qd3 Nf5
15. g4 e5 16. Nxe5 Qxd4 17. Nxc6 bxc6 18. gxf5 Qxf4 19. f6 g6 20. Ne4 Bf5 21.
Qg3 Qxg3+ 22. hxg3 Bd4 23. Kg2 Rab8 24. f3 Rxb2 25. Rac1 Be3 26. g4 Bxc1 27.
Rxc1 Bxe4 28. fxe4 Rd8 29. Kf3 Ra2 30. a4 Rd2 31. Bb1 Ra3+ 32. Kf4 Rd6 33. Ke5
Re6+ 34. Kd4 Rxa4+ 35. Ke3 Ra3+ 36. Kd4 Rxf6 37. Bd3 Rd6+ 0-1